000 00560nam a2200205Ia 4500
001 7586
003 GE_BSU
008 181216s||||||||xx |||||||||||||| ||und||
040 _cGE_BSU
080 _a821.353.1-32
100 _aდოლიძე,ნინო.
245 _aმოთხრობები.
245 _cრედ:თ.შავიშვილი.
260 _aთბილისი.
260 _bფედერაცია.
260 _c1942.
300 _a64გვ;16სმ.
653 _aმოთხრობები.
942 _cBK
999 _c40939
_d40939